Biggest Asian "F" Cities by Picture - Statistics

General Stats
  • This quiz has been taken 70 times
  • The average score is 5 of 16
Answer Stats
Picture Hint Answer % Correct
🇯🇵 1,610,000 Fukuoka
92%
🇵🇰 3,210,000 Faisalābād
83%
🇨🇳 3,720,000 Fúzhōu
83%
🇨🇳 660,000 Fǔzhōu
83%
🇨🇳 9,040,000 Fóshān
37%
🇮🇳 1,410,000 Farīdābād
17%
🇨🇳 1,230,000 Fǔshùn
17%
🇯🇵 460,000 Fukuyama
14%
🇯🇵 640,000 Funabashi
12%
🇨🇳 1,190,000 Fùyáng
12%
🇨🇳 740,000 Fúqīng
8%
🇮🇳 600,000 Fīrozābād
7%
🇨🇳 800,000 Fúlíng
7%
🇨🇳 700,000 Fùxīn
7%
🇨🇳 600,000 Féichéng
2%
🇨🇳 500,000 Fēngchéng
0%
No matching quizzes found
Score Distribution
Percent of People with Each Score
Percentile by Number Answered
Your Score History
You have not taken this quiz